[Event "FRA-ch op-B"]
[Site "Agen"]
[Date "2016.??.??"]
[Round "6"]
[White "Chapon, Jean Alexis"]
[Black "Degraeve, Remy"]
[Result "1-0"]
[WhiteElo "1940"]
[BlackElo "1858"]
[PlyCount "89"]
[EventDate "2016.08.12"]
[EventType "swiss"]
[EventRounds "9"]
[EventCountry "FRA"]
[SourceTitle "EXT 2017"]
[Source "ChessBase"]
[SourceDate "2016.10.25"]
[SourceVersion "1"]
[SourceVersionDate "2016.10.25"]
[SourceQuality "1"]

1. d4 Nf6 2. Nf3 g6 3. g3 Bg7 4. Bg2 0-0 5. 0-0 c5 6. d5 b5 7. Re1 d6 8. e4 Bb7 9. c4 bxc4 10. Nc3 Nbd7 11. Bf4 Ng4 12. Qd2 Nde5 13. h3 Nxf3+ 14. Bxf3 Ne5 15. Be2 Qd7 16. Bxe5 Bxe5 17. Bg4 f5 18. exf5 gxf5 19. Be2 f4 20. Bg4 Qe8 21. Re4 fxg3 22. Be6+ Kh8 23. f4 Bf6 24. Rxc4 Bc8 25. Re1 Bxe6 26. Rxe6 Bd4+ 27. Kg2 Rf6 28. Rxd4 Rxe6 29. dxe6 cxd4 30. Qxd4+ Kg8 31. Nd5 Rc8 32. f5 Rc2+ 33. Kxg3 h5 34. Qe4 Rc5 35. f6 Kh8 36. Nxe7 Rg5+ 37. Kh4 Rg1 38. Qd4 Qf8 39. Qxg1 Qxf6+ 40. Qg5 Qf2+ 41. Kxh5 Qe2+ 42. Kg6 Qe4+ 43. Kf7 Qh7+ 44. Ke8 d5 45. Qf6+ 1-0